000 005770000a22002050004500
020 _a84-7509-512-7
041 0 _aSPA
082 0 4 _aG 808 S481c
100 1 _aSerafini, María Teresa
245 1 0 _aCómo redactar un tema : Didáctica de la escritura / María Teresa Serafini
250 _a2
260 _aBarcelona, Eapaña : Paidós
300 _a256 Pag
500 _aTítulo original : Come is fa un tema in classe
001 10635
942 _cBK
999 _c40134
_d40134
336 _atexto
_btxt
_2rdacontent
337 _2rdamedia
_asin mediación
_bn
338 _2rdacarrier
_avolumen
_bnc